000
00274nam a22001217a 4500
041
_a
ENG
100
_a
Kramer.P.J
245
_a
Plant & Soil Water Relationships A Modern Synthesis
260
_a
New York
_b
McGraw-Hill
_c
1969
300
_a
481
650
_a
48
856
_u
48
999
_c
3115
_d
3115